Home Print Resources E-Books E-Journals IIMT Lecture Series Library Membership Form Book Recommendation Form Campus Tour Take AdmissionAbout Us Contact Us

FINACIAL MANAGEMENT (Record no. 64155)

000 -LEADER
fixed length control field 00411nam a22001697a 4500
003 - CONTROL NUMBER IDENTIFIER
control field OSt
005 - DATE AND TIME OF LATEST TRANSACTION
control field 20240823145701.0
008 - FIXED-LENGTH DATA ELEMENTS--GENERAL INFORMATION
fixed length control field 240823b |||||||| |||| 00| 0 eng d
020 ## - INTERNATIONAL STANDARD BOOK NUMBER
International Standard Book Number 9789353162184
040 ## - CATALOGING SOURCE
Transcribing agency IIMTT ENGINEERING COLLEGE
100 ## - MAIN ENTRY--PERSONAL NAME
Personal name KHAN M Y
245 ## - TITLE STATEMENT
Title FINACIAL MANAGEMENT
260 ## - PUBLICATION, DISTRIBUTION, ETC.
Place of publication, distribution, etc. NEW DELHI
Name of publisher, distributor, etc. MGH
Date of publication, distribution, etc. 9-8-24, MGH
300 ## - PHYSICAL DESCRIPTION
Extent I.10
440 ## - SERIES STATEMENT/ADDED ENTRY--TITLE
Title FINACIAL MANAGEMENT
942 ## - ADDED ENTRY ELEMENTS (KOHA)
Source of classification or shelving scheme
Koha item type Text-Book- for 7 days
Holdings
Withdrawn status Lost status Source of classification or shelving scheme Damaged status Not for loan Home library Current library Date acquired Cost, normal purchase price Inventory number Total Checkouts Barcode Date last seen Copy number Price effective from Koha item type
          IIMT Engineering College-MBA IIMT Engineering College-MBA 08/23/2024 1175.00 HO/IN/41   13-B-6917 08/23/2024 3 08/23/2024 Text-Book- for 7 days
          IIMT Engineering College-MBA IIMT Engineering College-MBA 08/23/2024 1175.00 HO/IN/41   13-B-6918 08/23/2024 4 08/23/2024 Text-Book- for 7 days
          IIMT Engineering College-MBA IIMT Engineering College-MBA 08/23/2024 1175.00 HO/IN/41   13-B-6919 08/23/2024 5 08/23/2024 Text-Book- for 7 days
IIMT, Central Library. All Rights Reserved IIMT,UNIVERSITY © 2023
Implemented and Customised by I CLOUDE EMS
You Are OPAC Visitor No
free web counter

Powered by Koha